000 00261nam a22000977a 4500
999 _c11163
_d11163
008 180927b ||||| |||| 00| 0 eng d
020 _a9788182966772
100 _aCBSE
_96925
245 _aMentor in English Core XII
_bCBSE Syllabus
260 _aNew Delhi
_bCBSE
_c2018